|
|
|
|
| LEADER |
01199nam a22002537a 4500 |
| 999 |
|
|
|c 156855
|d 156851
|
| 082 |
|
|
|a RT 571.95
|b Q7
|
| 100 |
|
|
|a Girish Kumar, B, Reseacher
|9 156307
|
| 100 |
|
|
|a Bijoy Nandan, Guide
|9 156308
|
| 245 |
|
|
|a Toxicity induced changes of CU and PB on the humoral and cellular factors on Anabas Testudineus (Bloch,1792) /
|c Girish Kumar, B; Guided by Dr. Bijoy Nandan
|
| 260 |
|
|
|a Kottayam:
|b Mahatma Gandhi University,
|c 2017.
|
| 300 |
|
|
|a 487 p.
|
| 650 |
|
|
|a Thesis (Ph.D.) Zoology
|9 156309
|
| 650 |
|
|
|a Dissertations, Academic (Ph.D.)
|9 156310
|
| 650 |
|
|
|a Toxicity
|9 156311
|
| 650 |
|
|
|a Biochemistry
|v Copper
|9 156312
|
| 650 |
|
|
|a Biochemistry
|v Lead
|9 156313
|
| 650 |
|
|
|a Histopathology
|v Copper
|9 152634
|
| 650 |
|
|
|a Histopathology
|v Lead
|9 152634
|
| 650 |
|
|
|a Bioaccumulation
|9 156314
|
| 710 |
|
|
|a Mahatma Gandhi University, Kottayam.
|b Department of Zoology, N S S Hindu College, Changanacherry
|f 25-02-2017
|k Thesis
|9 156315
|
| 856 |
|
|
|u http://www.mgutheses.in/page/?q=T%203049&search=&page=1&rad=acc#Page
|
| 942 |
|
|
|c THES
|
| 952 |
|
|
|0 0
|1 0
|4 0
|5 1
|6 RT_571_950000000000000_Q7
|7 1
|8 THES
|9 155321
|a MGUL
|b MGUL
|c GEN
|d 2018-04-06
|l 0
|o RT 571.95 Q7
|p T03049
|r 2018-04-06
|w 2018-04-06
|y THES
|